000 00730nam a2200253 i 4500
001 C2-0264964
003 PPAK
005 20180727233053.0
008 050531s2005 my |||| ||||| | eng d
020 _a9836287582
040 _aPPAK
_beng
_cPPAK
_erda
082 0 4 _a303.40959
_223
090 0 0 _a303.40959
_bLOC
_dG
090 0 0 _a303.40959
_bLOC
_dKMI
090 0 0 _a303.40959
_bLOC
_dR
245 0 0 _aLocal and global social transformation in Southeast Asia
264 1 _aKuala Lumpur :
_bDewan Bahasa dan Pustaka ,
_c2005
300 _a330 pages ;
_c23 cm
336 _2rdacontent
_atext
337 _2rdamedia
_aunmediated
338 _2rdacarrier
_avolume
650 1 0 _aSocial change - Asia, Southeastern.
942 _ddc
_cB
999 _c74600
_d74600